Nanopharmaceuticals : (Record no. 17153)
[ view plain ]
| 000 -LEADER | |
|---|---|
| fixed length control field | 00650nac a22001937a 4500 |
| 008 - FIXED-LENGTH DATA ELEMENTS--GENERAL INFORMATION | |
| fixed length control field | 130122s2011 ua ||||| |||| 00| 0 eng d |
| 020 ## - INTERNATIONAL STANDARD BOOK NUMBER | |
| International Standard Book Number | 9789777160827 |
| 082 ## - DEWEY DECIMAL CLASSIFICATION NUMBER | |
| Classification number | 615.19 |
| Item number | ELS |
| Edition number | 22 |
| 100 ## - MAIN ENTRY--PERSONAL NAME | |
| Personal name | Elshaboury, Mohammed H. |
| 9 (RLIN) | 31985 |
| 245 ## - TITLE STATEMENT | |
| Title | Nanopharmaceuticals : |
| Remainder of title | (Pharmaceutical Nanotechnology) \ |
| Statement of responsibility, etc | Edited by Mohammed H. Elshaboury. |
| 260 ## - PUBLICATION, DISTRIBUTION, ETC. (IMPRINT) | |
| Place of publication, distribution, etc | Mansoura, Egypt : |
| Name of publisher, distributor, etc | Mansoura university press, |
| Date of publication, distribution, etc | 2011. |
| 300 ## - PHYSICAL DESCRIPTION | |
| Extent | 343 p., |
| Other physical details | ill., |
| Dimensions | 24 cm. |
| 504 ## - BIBLIOGRAPHY, ETC. NOTE | |
| Bibliography, etc | Include bibliographic references. |
| 650 ## - SUBJECT ADDED ENTRY--TOPICAL TERM | |
| Topical term or geographic name as entry element | Nanomedicine |
| 9 (RLIN) | 4192 |
| 650 ## - SUBJECT ADDED ENTRY--TOPICAL TERM | |
| Topical term or geographic name as entry element | Nanotechnology |
| 9 (RLIN) | 31986 |
| 650 ## - SUBJECT ADDED ENTRY--TOPICAL TERM | |
| Topical term or geographic name as entry element | Pharmacy |
| 9 (RLIN) | 31987 |
| 653 ## - INDEX TERM--UNCONTROLLED | |
| Resource For college | |
| 942 ## - ADDED ENTRY ELEMENTS (KOHA) | |
| Source of classification or shelving scheme | Dewey Decimal Classification |
| Item type | |
| Call number prefix | 615.19 ELS |
| Withdrawn status | Item status | Source of classification or shelving scheme | Damaged status | Not for loan | Vendor | Home library | Current library | Shelving location | Date acquired | Source of acquisition | Total Checkouts | Total Renewals | Full call number | Barcode | Date last seen | Date last borrowed | Koha item type |
|---|---|---|---|---|---|---|---|---|---|---|---|---|---|---|---|---|---|
| Dewey Decimal Classification | Donation-Gift | Central Library | Central Library | First floor | 22/01/2013 | Donation | 11 | 47 | 615.19 ELS | 000027908 | 15/07/2025 | 26/03/2023 | Book - Borrowing |